| 000 | 00684cab a2200193 4500 | ||
|---|---|---|---|
| 001 | WB2601-31 | ||
| 008 | 090401t1989 xxu||||| |||| 00| 0 eng d | ||
| 035 | _a(Sirsi) u46582 | ||
| 041 | _aeng | ||
| 245 | _aYConservation areas | ||
| 260 | _c1989 | ||
| 350 | _a0 | ||
| 490 |
_aTimes _v15/12/89 p31 |
||
| 520 | _aIn Harrow BC v SoS Environment and Another QBD 12 December 1989, it was held that inspectors should pay special attention to the desirability of preserving or enhancing conservation areas where they were implicated in planning appeals . | ||
| 650 | _aTOWN AND COUNTRY AMENITIES ACT 1974 | ||
| 690 | _aPLANNING LAW AND PRACTICE | ||
| 942 | _n0 | ||
| 948 | _c04/03/1997 | ||
| 999 |
_c29468 _d29468 |
||